| 000 | 01755nam a2200241Ia 4500 | ||
|---|---|---|---|
| 999 |
_c51856 _d51856 |
||
| 001 | 18854 | ||
| 003 | GE_BSU | ||
| 005 | 20210413140241.0 | ||
| 008 | 181216s2014||||ge |||||||||||||| ||geo|| | ||
| 040 | _cGE_BSU | ||
| 041 | _ageo | ||
| 080 | _a61 ჩ-76 | ||
| 100 |
_aჩოგოვაძე, ნინო _911294 |
||
| 245 |
_aსაშვილოსნოს ყელის მეტაპლაზიური პროცესების კლინიკო-კოლპოსკოპიური, ციტოჰისტოპათოლოგიური და იმუნოჰისტოქიმიური თავისებურებები / _cნინო ჩოგოვაძე ; სამეცნ. ხემძღვ. გიორგი ბურკაძე ; თბილისის სახელმწიფო სამედიცინო უნივერსიტეტი. |
||
| 264 |
_aთბილისი, _c2014. |
||
| 300 |
_a101 გვ.; _b30 სმ. |
||
| 653 | _aდისერტაცია | ||
| 653 | _aმედიცინა | ||
| 653 | _aსაშვილოსნოს ყელის მეტაპლაზიური პროცესების კლინიკო-კოლპოსკოპიური, ციტოჰისტოპათოლოგიური და იმუნოჰისტოქიმიური თავისებურებები | ||
| 700 |
_aბურკაძე, გიორგი _eსამეცნიერო ხელმძღვანელი _93253 |
||
| 710 |
_aთბილისის სახელმწიფო სამედიცინო უნივერსიტეტი _911295 |
||
| 942 |
_cBK _2udc |
||